Welcome to CU Library Online Public Access Catalogue (OPAC)

Accounting : (Record no. 9212)

MARC details
000 -LEADER
fixed length control field 01325cam a22003254a 4500
001 - CONTROL NUMBER
control field 13349200
005 - DATE AND TIME OF LATEST TRANSACTION
control field 20260415114439.0
008 - FIXED-LENGTH DATA ELEMENTS--GENERAL INFORMATION
fixed length control field 030923s2005 ohua b 001 0 eng
020 ## - INTERNATIONAL STANDARD BOOK NUMBER
International Standard Book Number 0324183968
020 ## - INTERNATIONAL STANDARD BOOK NUMBER
International Standard Book Number 0324222475
Qualifying information CD-ROM
020 ## - INTERNATIONAL STANDARD BOOK NUMBER
International Standard Book Number 0324222467
Qualifying information Book only
020 ## - INTERNATIONAL STANDARD BOOK NUMBER
International Standard Book Number 0324225342
Qualifying information Intl. student ed.
020 ## - INTERNATIONAL STANDARD BOOK NUMBER
International Standard Book Number 9780324183962
020 ## - INTERNATIONAL STANDARD BOOK NUMBER
International Standard Book Number 9780324222470
Qualifying information (CD-ROM)
020 ## - INTERNATIONAL STANDARD BOOK NUMBER
International Standard Book Number 9780324222463
Qualifying information (Book only)
020 ## - INTERNATIONAL STANDARD BOOK NUMBER
International Standard Book Number 9780324225341
Qualifying information (Intl. student ed.)
050 00 - LIBRARY OF CONGRESS CALL NUMBER
Classification number HF5657.4
Item number .A283 2005
082 00 - DEWEY DECIMAL CLASSIFICATION NUMBER
Classification number 658.15/11
Edition information 22
245 00 - TITLE STATEMENT
Title Accounting :
Remainder of title information for decisions /
Statement of responsibility, etc. Robert W. Ingram ... [et al.].
250 ## - EDITION STATEMENT
Edition statement 3rd ed.
260 ## - PUBLICATION, DISTRIBUTION, ETC.
Place of publication, distribution, etc. Mason, Ohio :
Name of publisher, distributor, etc. Thomsom/South-Western,
Date of publication, distribution, etc. c2005.
300 ## - PHYSICAL DESCRIPTION
Extent 1 v. (various pagings) :
Other physical details col. ill. ;
Dimensions 29 cm. +
Accompanying material 1 CD-ROM (4 3/4 in.)
500 ## - GENERAL NOTE
General note Title on CD-ROM: Student CD to accompany accounting information for decisions.
650 #0 - SUBJECT ADDED ENTRY--TOPICAL TERM
Topical term or geographic name entry element Managerial accounting.
700 1# - ADDED ENTRY--PERSONAL NAME
Personal name Ingram, Robert W.
856 42 - ELECTRONIC LOCATION AND ACCESS
Materials specified Contributor biographical information
Uniform Resource Identifier <a href="http://www.loc.gov/catdir/enhancements/fy1103/2003113144-b.html">http://www.loc.gov/catdir/enhancements/fy1103/2003113144-b.html</a>
856 42 - ELECTRONIC LOCATION AND ACCESS
Materials specified Publisher description
Uniform Resource Identifier <a href="http://www.loc.gov/catdir/enhancements/fy1103/2003113144-d.html">http://www.loc.gov/catdir/enhancements/fy1103/2003113144-d.html</a>
856 41 - ELECTRONIC LOCATION AND ACCESS
Materials specified Table of contents only
Uniform Resource Identifier <a href="http://www.loc.gov/catdir/enhancements/fy1103/2003113144-t.html">http://www.loc.gov/catdir/enhancements/fy1103/2003113144-t.html</a>
942 ## - ADDED ENTRY ELEMENTS (KOHA)
Source of classification or shelving scheme Library of Congress Classification
Koha item type Books
Edition 3rd ed.
Suppress in OPAC No
999 ## -
-- 9212
-- 9212
Holdings
Withdrawn status Lost status Source of classification or shelving scheme Damaged status Not for loan Collection Home library Current library Shelving location Date acquired Total checkouts Full call number Barcode Date last seen Copy number Price effective from Koha item type
    Library of Congress Classification     Non-fiction Business Library (Miotso) Business Library (Miotso) General stacks 04/15/2026   HF5657.4 .A283 2005 BSSM00003164 04/15/2026 1 04/15/2026 Books
© 2023-2024 Copyright: Central University Libraries. All Rights Reserved | Created by: Mahone Tech Office